000 01044cam a22003254a 4500
001 1884
003 FISKH
005 20250828103358.0
008 090319s2009 nyua j b 001 0 eng
010 _a 2009010974
020 _a9780531214411
040 _aDLC
_cDLC
_dDLC
_beng
050 0 0 _aGT2420
_b.M55 2009
082 0 0 _a640.83
_222
100 1 _aMiller, Amanda.
245 1 0 _aThis is the way we help at home /
_cAmanda Miller.
260 _aNew York :
_bScholastic,
_c2009.
300 _a24 pages :
_bcolor illustrations ;
_c21 cm.
505 _aH
520 _aSimple text and photographs present information about how kids everywhere help at home.
521 8 _a440
_bLexile
521 8 _aH
_bRaz-Plus
650 0 _aHome
_vJuvenile literature.
650 0 _ahome
650 0 _achores
650 0 _aFamilies
_vJuvenile literature.
906 _a7
_bcbc
_corignew
_d1
_eecip
_f20
_gy-gencatlg
942 _2ddc
_cBK
_n0
999 _c1884
_d1884